000 00696nam a2200265Ia 4500
001 18665
005 20240113235855.0
007 ta
008 060120s1987 a g b000 u 465 u
040 _aCotton College,Assam
041 _a465
082 _a573
_bBh 469 Ha
100 _aPoddar, S. .
245 0 _aHandbook of Osteology /
_cS. Poddar and Ajay Bhagat.
_hTextual Documents
250 _a7th ed. /
260 _aPatna :
_bScientific Book Co. ,
_c1987.
300 _aiv,328p. :
_bill ;
_c22cm .
653 _aAnthropology
653 _aOsteology
653 _aG-Anthropology
700 _aBhagat, Ajay .
942 _2ddc
_cBK
999 _c18647
_d18647